000 00302nam a22001337a 4500
008 170926b xxu||||| |||| 00| 0 eng d
020 _a9780312436131
041 _aeng
080 _28TH
_a37
100 _a46
101 _aEDU
245 _aHANDBOOK OF TECHNICAL WRITING
_cALRED,G,J
942 _2udc
_cBK
999 _c30038
_d30038